| 000 | 00348nam a22001577a 4500 | ||
|---|---|---|---|
| 003 | OSt | ||
| 005 | 20210930162624.0 | ||
| 008 | 210930b |||||||| |||| 00| 0 eng d | ||
| 020 | _a0446516503 | ||
| 040 |
_aHU _cDDC |
||
| 082 | _a324.973098 | ||
| 245 | _aMAD AS HELL | ||
| 260 |
_aCOMPARY _bWARNER |
||
| 300 | _aIX,518P,27CM | ||
| 942 |
_2ddc _cBOOKS _n0 |
||
| 999 |
_c8198 _d8198 |
||